000 00694nam a22001937a 4500
005 2010072305545.0
010 _aENG-96729
020 _a9788120747692
_c150.00
035 _aEN-80262
037 _bDBAD/PUB
082 _a158.1
100 _aMittal, Rakesh k.
_91017
245 _aThe power of positive anecdotes /
_cby Rakesh K. Mittal
260 _aNew Delhi
_bSterling Publishers
_c2009
270 _aA-59, Okhla Industrial Area, Phase-ii
_bNew Delhi
_e110020
300 _aix, 186p
_c22cm (pbk)
942 _2ddc
_cEN
_h158.1
_mMIT
999 _c37403
_d37403